000 00533nam a2200181 4500
001 115979
003 ES-MaACL
005 20230906190616.0
007 t|
008 061121s1966 sp r ||||1| spa d
100 1 _aOxenstierna, Eric Graf.
_988042
245 1 4 _aLos vikingos /
_cEric Graf Oxenstierna ; versión Manuel Picos.
250 _a1ª ed.
260 _aBarcelona :
_bLuis de Caralt,
_c1966.
300 _a334 p., 48 lám. :
_bil. ;
_c22 cm.
700 1 _aPicos, Manuel.
_991881
852 _aES-MaACL
_jC-31080
_bR.61479
999 _c115979
_d115979